000 00280nam a2200109Ia 4500
008 220216s9999 xx 000 0 und d
100 _aVohra M F
245 0 _aRubbergoods exports : India yet to maker global impact
260 _bRubber Asia
_c1995
300 _a25-31
942 _cJS
999 _c68209
_d68209